=LDR 00000nam 2200000 4500 =001 INLIS000000000008101 =005 20130612100019 =008 ***********************************ind** =035 ##$$0010-061300000008101 =041 ##$$a ind =082 ##$$a 633.183 =090 ##$$a 633.183, Sug b =100 ##$$a Sugeng HR =245 ##$$a Bercocok tanam padi, Sugeng HR =260 ##$$a 2001 $b Semarang =300 ##$$a vi, 62 hlm, ilus, 21 cm =650 ##$$a Padi-Penanaman =850 ##$$a NBPNMAT =990 ##$$a 21195658/BPAP-NTB/2014 =990 ##$$a 21195659/BPAP-NTB/2014 =990 ##$$a 21195660/BPAP-NTB/2014 =990 ##$$a 0001/BPAP-NTB/20142015